[Event "Open"]
[Site "Zadar CRO"]
[Date "2004.12.19"]
[Round "9"]
[White "Blagojevic,D"]
[Black "Bilobrk,F"]
[Result "1-0"]
[WhiteElo "2527"]
[BlackElo "2328"]

1.d4 d5 2.c4 e6 3.Nc3 c6 4.e3 Nf6 5.Nf3 Nbd7 6.Bd3 dxc4 7.Bxc4 b5 8.Be2 Bb7
9.O-O a6 10.e4 b4 11.e5 bxc3 12.exf6 gxf6 13.bxc3 c5 14.Rb1 Qc8 15.Bf4 Rg8
16.Nh4 Be4 17.Bd3 Qc6 18.Re1 f5 19.f3 Bxd3 20.Qxd3 cxd4 21.cxd4 Be7 22.Nxf5 exf5
23.Qa3 Qf6 24.Bd6 Qxd4+ 25.Kh1 Qd2 26.Rxe7+ Kd8 27.Rg1 Rc8 28.Bb4 Qd5 29.Ba5+ Qxa5
30.Rxd7+  1-0

[Event "Harmonie"]
[Site "Groningen NED"]
[Date "2004.12.22"]
[Round "2"]
[White "Kuzubov,Y"]
[Black "Ernst,S"]
[Result "1/2-1/2"]
[WhiteElo "2530"]
[BlackElo "2521"]

1.d4 Nf6 2.c4 e6 3.Nf3 d5 4.Nc3 c6 5.e3 Nbd7 6.Qc2 Bd6 7.Bd3 O-O 8.O-O Re8
9.b3 Qe7 10.c5 Bc7 11.e4 dxe4 12.Nxe4 h6 13.Ng3 b6 14.cxb6 Nxb6 15.Qxc6 Bb8
16.Qc2 Bb7 17.Qe2 Nbd5 18.Ne5 a5 19.Bd2 Ba7 20.Be3 Red8 21.Bc4 Nd7 22.Nd3 Rac8
23.Rac1 Bb6 24.Rc2 f5 25.Rfc1 N7f6 26.Bxd5 Nxd5 27.Rxc8 Bxc8 28.Nf4 Bb7 29.Qb5 Bxd4
30.Ng6 Qb4 31.Qxb4 Nxb4 32.Rd1 Bf6 33.Rxd8+ Bxd8 34.a3 Nc2 35.Bc5 Bd5 36.b4  1/2-1/2

[Event "Stepchev Memorial"]
[Site "Kiev UKR"]
[Date "2004.12.22"]
[Round "2"]
[White "Kosikov,An"]
[Black "Chistiakov,An"]
[Result "1-0"]
[WhiteElo "2210"]
[BlackElo "2005"]

1.Nf3 d5 2.d4 Nf6 3.c4 c6 4.Nc3 e6 5.e3 Be7 6.Bd3 dxc4 7.Bxc4 b5 8.Bd3 Bb7
9.O-O Nbd7 10.Qe2 O-O 11.a3 a6 12.b4 Nb6 13.Bd2 Nbd5 14.Ne5 Qc7 15.Rfc1 Rfc8
16.Ne4 Qd8 17.Ng5 h6 18.Ngxf7 Qc7 19.e4 Nb6 20.Bf4 Bd6 21.Qf3 Bxe5 22.Nxe5 Qe7
23.Ng4 Rf8 24.Be5 Nh7 25.Qg3 Qg5 26.h4 Qg6 27.Bd6 Rfc8 28.e5 Qh5 29.Nf6+ Nxf6
30.exf6 g5 31.hxg5 hxg5 32.Bf4 g4 33.Be2 Kf7 34.Bxg4 Qh7 35.Re1 Re8 36.Qf3 Nd5
37.Bh5+ Kxf6 38.Bd6+ Qf5 39.Be5+ Ke7 40.Qxf5 exf5 41.Bf4+ Kd7 42.Bxe8+ Rxe8
43.Rxe8 Kxe8 44.Bd2 Kf7 45.Re1 Bc8 46.Re5 Be6 47.f3 Nf6 48.Kf2 Nd5 49.Kg3 Kf6
50.Kh4 Nb6 51.g4 Nc4 52.Bg5+ Kf7 53.gxf5 Nxe5 54.fxe6+ Kxe6 55.dxe5  1-0

[Event "Open"]
[Site "Lindsborg USA"]
[Date "2004.12.22"]
[Round "9"]
[White "Moiseenko,A"]
[Black "Ippolito,D"]
[Result "1-0"]
[WhiteElo "2653"]
[BlackElo "2392"]

1.d4 d5 2.c4 c6 3.Nc3 Nf6 4.Nf3 e6 5.e3 Nbd7 6.Qc2 Bd6 7.Bd3 O-O 8.O-O dxc4
9.Bxc4 b5 10.Be2 Bb7 11.Rd1 Qc7 12.e4 e5 13.Bg5 Rfe8 14.Rac1 Rac8 15.Qd2 Qb8
16.dxe5 Bxe5 17.Nxe5 Qxe5 18.f3 a6 19.Be3 c5 20.Qd6 b4 21.Qxe5 Rxe5 22.Na4 h6
23.Rd6 a5 24.Bb5 Re7 25.Kf2 Rc7 26.g4 Bc8 27.Nxc5 Nxc5 28.Rxc5 Bxg4 29.Rxc7 Rxc7
30.Rd8+ Kh7 31.Bd3 Rd7 32.Rxd7 Bxd7 33.e5+  1-0

[Event "4th NAO GM"]
[Site "Paris FRA"]
[Date "2004.12.23"]
[Round "9"]
[White "Kazhgaleyev,M"]
[Black "Libiszewski,F"]
[Result "1/2-1/2"]
[WhiteElo "2607"]
[BlackElo "2419"]

1.d4 Nf6 2.c4 e6 3.Nf3 d5 4.Nc3 c6 5.e3 Nbd7 6.Bd3 dxc4 7.Bxc4 b5 8.Bb3 Bb7
9.e4 b4 10.e5 bxc3 11.exf6 cxb2 12.fxg7 Bxg7 13.Bxb2 Qa5+ 14.Nd2 Ba6 15.Qg4 Bh6
16.O-O-O Nf6 17.Qh3 Bg5 18.Rhe1 Nd5 19.Rxe6+ fxe6 20.Qh5+ Kd7 21.Qxg5 Rag8
22.Qe5 Qc7 23.Qe4 Qxh2 24.Qc2 Rxg2 25.Ne4 Qf4+ 26.Kb1 Nb4 27.Nc5+ Ke7 28.Qc3 Qxf2
29.Ba3 Qf5+ 30.Ka1 Nc2+ 31.Bxc2 Qxc2 32.Nxa6+ Ke8 33.Qxc2 Rxc2 34.Nb4 Re2
35.Nxc6 Rg8 36.Bc1 Rgg2 37.Kb1 Rxa2 38.Nb4 Ra4 39.Nc2 Rc4 40.Bd2 Rg7 41.Bf4 Rf7
42.Bd6 Rd7 43.Be5 Rb7+ 44.Kc1 Rb3 45.Rh1 Rbc3 46.Rh2 a5 47.Kb2 a4 48.Na3 Rb3+
49.Ka2 Rcc3 50.Bd6 Rd3 51.Bc5 Rh3 52.Re2 Rhe3 53.Rh2 Rh3 54.Re2 Rhe3  1/2-1/2

[Event "Open A"]
[Site "Bethune FRA"]
[Date "2004.12.26"]
[Round "1"]
[White "Van der Stricht,G"]
[Black "Konieczny,S"]
[Result "1-0"]
[WhiteElo "2413"]
[BlackElo "2085"]

1.d4 d5 2.c4 e6 3.Nc3 c6 4.e3 Nf6 5.Nf3 Nbd7 6.Qc2 Be7 7.Bd3 dxc4 8.Bxc4 b5
9.Bd3 Bb7 10.e4 b4 11.Na4 e5 12.Nxe5 Nxe5 13.dxe5 Nd7 14.f4 Nb6 15.Nxb6 axb6
16.Be3 Ra5 17.Rd1 Qc7 18.O-O O-O 19.e6 fxe6 20.Bc4 Bc8 21.Qb3 Rf6 22.e5 Rh6
23.f5 Bc5 24.Bxc5 Rxc5 25.Bxe6+  1-0

[Event "Czech Christmas"]
[Site "Litomysl CZE"]
[Date "2004.12.26"]
[Round "1"]
[White "Sabol,M"]
[Black "Bauer,P2 HUN"]
[Result "1-0"]
[WhiteElo "2358"]
[BlackElo "2046"]

1.d4 d5 2.c4 c6 3.Nc3 Nf6 4.Nf3 e6 5.e3 Nbd7 6.Bd3 dxc4 7.Bxc4 b5 8.Bd3 Bb7
9.O-O b4 10.Ne4 c5 11.Nxc5 Nxc5 12.dxc5 Bxc5 13.Bb5+ Ke7 14.Qc2 Qb6 15.a4 a5
16.b3 Bd5 17.Bc4 Rac8 18.Bb2 Bxc4 19.Qxc4 Bxe3 20.Qh4 Bc5 21.Rac1 Bd6 22.Qg5 Rcg8
23.Bd4 Qa6 24.Ne5 h6 25.Qh4 g5 26.Qh3 Rh7 27.Nc6+  1-0

[Event "1st GM"]
[Site "Mataro ESP"]
[Date "2004.12.26"]
[Round "1"]
[White "Moskalenko,V"]
[Black "Rodriguez Guerrero,E"]
[Result "1/2-1/2"]
[WhiteElo "2551"]
[BlackElo "2433"]

1.d4 d5 2.c4 c6 3.Nf3 Nf6 4.Nc3 e6 5.e3 Nbd7 6.Bd3 dxc4 7.Bxc4 b5 8.Bd3 a6
9.e4 c5 10.d5 Qc7 11.O-O Bb7 12.Bc2 O-O-O 13.dxe6 Ne5 14.Qe2 Nxf3+ 15.Qxf3 fxe6
16.Qh3 Kb8 17.Bg5 Bd6 18.f4 h6 19.Bh4 e5 20.a4 b4 21.Bxf6 gxf6 22.Nd5 Bxd5
23.exd5 c4 24.b3  1/2-1/2

[Event "13th Donau Open"]
[Site "Aschach AUT"]
[Date "2004.12.27"]
[Round "2"]
[White "Knoll,H"]
[Black "Dumancic,P"]
[Result "1-0"]
[WhiteElo "2356"]
[BlackElo "2159"]

1.d4 Nf6 2.Nf3 c6 3.c4 e6 4.Nc3 d5 5.e3 Nbd7 6.Qc2 Bd6 7.Be2 dxc4 8.Bxc4 b5
9.Bd3 Bb7 10.O-O a6 11.a4 c5 12.axb5 Bxf3 13.gxf3 cxd4 14.exd4 axb5 15.Rxa8 Qxa8
16.Nxb5 Bb8 17.Be4 Nxe4 18.fxe4 O-O 19.Nc3 Qc6 20.Be3 f5 21.f3 fxe4 22.fxe4 Rxf1+
23.Kxf1 Qc7 24.e5 Nb6 25.Qe4 Nc4 26.Bc1 Ba7 27.Nb5 Qb6 28.Nxa7 Qxa7 29.Qc6 Qf7+
30.Ke1 Na5 31.Qa8+ Qf8 32.Qxa5 Qf3 33.Qd8+ Kf7 34.Qh4 Qd3 35.Qf4+ Kg8 36.Qd2 Qg6
37.Kd1 h6 38.Qe2 Qg1+ 39.Kc2 Qxd4 40.Bd2 Qa4+ 41.Kb1 Qc6 42.b4 Qd5 43.Kb2 Qd4+
44.Bc3 Qb6 45.Qc4 Qf2+ 46.Kb3 Qf5 47.b5 Kh8 48.Bd4 Qh3+ 49.Qc3 Qf1 50.b6 Kh7
51.Kb4 Qb1+ 52.Kc5 Qe4 53.Kb5 Qd5+ 54.Qc5 Qd7+ 55.Ka5 h5 56.Qd6 Qc8 57.Kb5 h4
58.Qc6 Qd8 59.b7 Qxd4 60.Qc2+ g6 61.b8=Q Qd5+ 62.Ka6 Kh6 63.Qh8+ Kg5 64.Qf6+ Kg4
65.Qcxg6+  1-0

[Event "13th Donau Open"]
[Site "Aschach AUT"]
[Date "2004.12.27"]
[Round "2"]
[White "Stanec,N"]
[Black "Knechtl,R"]
[Result "1-0"]
[WhiteElo "2560"]
[BlackElo "2229"]

1.d4 d5 2.c4 c6 3.Nf3 e6 4.Nc3 Nf6 5.e3 Nbd7 6.Qc2 Bd6 7.Bd2 O-O 8.O-O-O Qe7
9.Kb1 dxc4 10.Bxc4 b5 11.Bd3 Bb7 12.Ng5 h6 13.Nge4 a6 14.Nxd6 Qxd6 15.Ne4 Nxe4
16.Bxe4 Rfc8 17.Ba5 Nf6 18.Bf3 Rab8 19.Bb6 Ba8 20.Ba7 Rb7 21.Bc5 Qd8 22.h4 b4
23.Qc4 a5 24.e4 Rd7 25.g4 g6 26.Qc1 Kg7 27.g5 hxg5 28.hxg5 Nh7 29.e5 Kg8
30.Rhg1 Bb7 31.Qf4 Ba6 32.Qh4 Bc4  1-0

[Event "XIV It"]
[Site "Pamplona ESP"]
[Date "2004.12.27"]
[Round "5"]
[White "Gelfand,B"]
[Black "Bruzon,L"]
[Result "1/2-1/2"]
[WhiteElo "2693"]
[BlackElo "2637"]

1.d4 d5 2.c4 c6 3.Nc3 Nf6 4.Nf3 e6 5.e3 Nbd7 6.Qc2 Bd6 7.g4 Nxg4 8.Rg1 f5
9.h3 Ngf6 10.Rxg7 Ne4 11.Bd2 Qf6 12.Rg2 Nf8 13.Nxe4 fxe4 14.Ne5 Ng6 15.Nxg6 hxg6
16.Qb3 Rxh3 17.O-O-O Rh2 18.Bb4 Rxg2 19.Bxg2  1/2-1/2

[Event "34th Rilton Cup"]
[Site "Stockholm SWE"]
[Date "2004.12.27"]
[Round "1"]
[White "Ask,J"]
[Black "Duenas,A"]
[Result "1-0"]
[WhiteElo "2208"]
[BlackElo "1987"]

1.d4 d5 2.c4 c6 3.Nf3 e6 4.e3 Nf6 5.Nc3 Nbd7 6.Bd3 Bd6 7.O-O O-O 8.e4 dxe4
9.Nxe4 Nxe4 10.Bxe4 h6 11.b3 e5 12.Bc2 exd4 13.Qxd4 Bc5 14.Qc3 a5 15.Bb2 Nf6
16.Rad1 Qe7 17.Qd3 g6 18.Qc3 Kg7 19.Rfe1 Be6 20.Rd7 Bxd7 21.Rxe7 Bxe7 22.Nd2 Kh7
23.Qe5 Rae8 24.Ne4 Bf5 25.Qxf6 Bxf6 26.Nxf6+ Kh8 27.Nxe8+ Kg8 28.Nf6+ Kg7
29.Bxf5 Rd8 30.Bd7  1-0

[Event "Russian Blitz Internet Cup Superfinal"]
[Site "chessassistantclub.com INT"]
[Date "2004.12.28"]
[Round "10"]
[White "Bareev,E"]
[Black "Ovetchkin,R"]
[Result "0-1"]
[WhiteElo "2715"]
[BlackElo "2473"]

1.c4 e6 2.Nc3 d5 3.d4 c6 4.e3 Nf6 5.Nf3 Nbd7 6.Qc2 Bd6 7.g4 dxc4 8.Bxc4 e5
9.Bd2 exd4 10.Nxd4 Nb6 11.Be2 O-O 12.Nf5 Bxf5 13.Qxf5 Qe7 14.g5 Nfd5 15.Nxd5 Nxd5
16.O-O-O g6 17.Qg4 Be5 18.h4 Rad8 19.h5 Bg7 20.hxg6 fxg6 21.Qh4 Qe5 22.Qd4 Qxd4
23.exd4 Rxf2 24.Bg4 Bxd4 25.Rde1 Bxb2+ 26.Kxb2 Rxd2+ 27.Kb3 Rd3+ 28.Kb2 Re3
29.Be6+ Kg7 30.Bxd5 Rxe1 31.Rxe1 Rxd5 32.Re7+ Kg8 33.Rxb7 Rb5+  0-1

[Event "Russian Blitz Internet Cup Superfinal"]
[Site "chessassistantclub.com INT"]
[Date "2004.12.28"]
[Round "17"]
[White "Aleksandrov,A"]
[Black "Ovetchkin,R"]
[Result "1/2-1/2"]
[WhiteElo "2659"]
[BlackElo "2473"]

1.d4 d5 2.c4 c6 3.Nc3 Nf6 4.e3 e6 5.Nf3 Nbd7 6.Qc2 Bd6 7.g4 dxc4 8.Bxc4 e5
9.Bd2 exd4 10.Nxd4 Nb6 11.Be2 O-O 12.O-O-O Qe7 13.Rdg1 Nfd5 14.Nf5 Bxf5 15.gxf5 Be5
16.Rg4 Rad8 17.Rhg1 Kh8 18.a3 Rd7 19.e4 Nxc3 20.Bxc3 Rg8 21.f4 Bxc3 22.Qxc3 f6
23.Bf3 Na4 24.Qc2 Nc5 25.Kb1 b6 26.h4 Qd8 27.R1g2 Rd3 28.R4g3 Qd4 29.Ka2 a5
30.Be2 Rxg3 31.Rxg3 Qxe4 32.Qxe4 Nxe4 33.Rd3 Re8 34.Bh5 Rc8 35.Bf3 Nc5 36.Rd6 Kg8
37.Bxc6 Kf8 38.b4 axb4 39.axb4 Nd3 40.Rxd3 Rxc6 41.Rd8+ Ke7 42.Rb8 Rc4 43.Rxb6 Rxf4
44.Rb7+ Kd6 45.Rxg7 Rxb4 46.Rxh7 Ke5 47.Rh5 Rf4 48.Kb3 Rxf5 49.Rh8 Rf1 50.Kc2 Kf4
51.Kd2 Rf2+ 52.Kd3 f5 53.h5 Rh2 54.h6 Kg5 55.Rg8+ Kf6 56.Rf8+ Kg6 57.Rg8+ Kh7
58.Rf8 Rh5 59.Rf6 Rxh6 60.Rxf5 Rg6 61.Rf3 Rg5 62.Re3 Kg6 63.Re4 Rf5 64.Ra4 Kf6
65.Ke4 Re5+ 66.Kf4 Rf5+ 67.Kg4 Rg5+ 68.Kf4 Rf5+ 69.Ke3 Re5+ 70.Kd4 Re6 71.Kd5 Re5+
72.Kd6 Rf5 73.Rb4 Rf1 74.Rc4 Rd1+ 75.Kc6 Rf1 76.Rc3 Rf2 77.Rc4 Rf1 78.Rc3 Rf2
79.Rc4 Rf1  1/2-1/2

[Event "Lidums Australian Open"]
[Site "Mount Buller AUS"]
[Date "2004.12.28"]
[Round "1"]
[White "Neudel,B"]
[Black "Humphrey,J"]
[Result "1/2-1/2"]
[WhiteElo "1909"]
[BlackElo "2152"]

1.d4 d5 2.Nf3 c6 3.e3 Nf6 4.c4 e6 5.Nc3 Nbd7 6.a3 Bd6 7.Bd3 O-O 8.O-O e5
9.cxd5 cxd5 10.Nb5 Bb8 11.dxe5 Nxe5 12.Be2 Qe7 13.Nbd4 Nxf3+ 14.Nxf3 Bg4
15.Bd2 Bd6 16.Bc3 Rfd8 17.Qd4 a6 18.h3 Bd7 19.Ne5 Rac8 20.Nxd7 Rxd7 21.Bd3 Bc5
22.Qh4  1/2-1/2

[Event "20th Open"]
[Site "Nice FRA"]
[Date "2004.12.28"]
[Round "5"]
[White "Epishin,V"]
[Black "Hamdouchi,H"]
[Result "1/2-1/2"]
[WhiteElo "2599"]
[BlackElo "2575"]

1.d4 d5 2.c4 c6 3.Nc3 Nf6 4.e3 e6 5.Nf3 Nbd7 6.Be2 Bd6 7.O-O Ne4 8.c5 Bc7
9.Nxe4 dxe4 10.Nd2 f5 11.b4 O-O 12.Nc4 b5 13.cxb6 axb6 14.f4 exf3 15.Bxf3 Ba6
16.Qb3 Nf6 17.Bd2 Nd5 18.Rfc1 Rc8  1/2-1/2

[Event "13th Donau Open"]
[Site "Aschach AUT"]
[Date "2004.12.29"]
[Round "5"]
[White "Shengelia,D"]
[Black "Mazi,L"]
[Result "1-0"]
[WhiteElo "2482"]
[BlackElo "2401"]

1.d4 d5 2.Nf3 c6 3.e3 Nf6 4.c4 e6 5.Nc3 Nbd7 6.Bd3 dxc4 7.Bxc4 b5 8.Bd3 Bb7
9.a3 b4 10.axb4 Bxb4 11.O-O c5 12.Na2 a5 13.Nxb4 cxb4 14.Qe2 Ne4 15.Nd2 Nxd2
16.Bxd2 Nf6 17.Bb5+ Ke7 18.f3 Qb6 19.e4 Rhb8 20.Bf4 Rd8 21.Be3 Ba6 22.Bxa6 Qxa6
23.Qf2 Kf8 24.d5 exd5 25.Bb6 Rdc8 26.Rxa5 Qb7 27.Rxa8 Rxa8 28.Bd4 dxe4 29.Bxf6 gxf6
30.fxe4 Ra6 31.Qc5+ Kg7 32.Rf3 Qb6 33.Rg3+ Kh6 34.Qxb6 Rxb6 35.Kf2 Re6 36.Kf3 Rc6
37.Kf4 Rc2 38.b3 Rc5 39.Rd3 Kg6 40.g4 Rc3 41.Rxc3 bxc3 42.Ke3 Kg5 43.b4  1-0

[Event "21st Open"]
[Site "Boeblinger GER"]
[Date "2004.12.29"]
[Round "7"]
[White "Kozlov,A GER"]
[Black "Remmler,HP"]
[Result "1-0"]
[WhiteElo "2174"]
[BlackElo "2240"]

1.d4 d5 2.c4 c6 3.Nf3 Nf6 4.Nc3 e6 5.e3 Nbd7 6.Bd3 dxc4 7.Bxc4 b5 8.Bb3 b4
9.Ne2 Bb7 10.O-O Bd6 11.Nf4 Bxf4 12.exf4 Nd5 13.f5 exf5 14.Bxd5 cxd5 15.Re1+ Kf8
16.Qd3 Nf6 17.Qxf5 Qb6 18.Bg5 Rd8 19.Rac1 h6 20.Bf4 Ne8 21.Ne5 Nd6 22.Ng6+ Kg8
23.Ne7+ Kf8 24.Ng6+ Kg8 25.Bxd6 fxg6 26.Qxg6 Qxd6 27.Re8+ Rxe8 28.Qxd6 Kh7
29.Qxb4 Bc8 30.Qb3 Rhf8 31.f3 Re7 32.Qxd5 Bb7 33.Qd6 Rfe8 34.b4 Re2 35.Qd7 R8e7
36.Qf5+ Kg8 37.Rc2 Re1+ 38.Kf2 Rd1 39.Qf4 Rd7 40.Rd2 Rb1 41.Qf5  1-0

[Event "Czech Christmas"]
[Site "Litomysl CZE"]
[Date "2004.12.30"]
[Round "6"]
[White "Neuman,P"]
[Black "Sabol,M"]
[Result "1/2-1/2"]
[WhiteElo "2433"]
[BlackElo "2358"]

1.d4 d5 2.c4 c6 3.Nc3 Nf6 4.e3 e6 5.Nf3 Nbd7 6.Bd3 dxc4 7.Bxc4 b5 8.Bd3 Bb7
9.e4 b4 10.Na4 Be7 11.Bg5 h6 12.Bxf6 gxf6 13.Qc2 Qa5 14.b3 O-O-O 15.O-O Kb8
16.Rfe1 c5 17.a3 bxa3 18.d5 exd5 19.exd5 Bd6 20.Bc4 Rde8 21.Qd1 Bf4 22.Rf1 Ne5
23.g3 Nxf3+ 24.Qxf3 Be5 25.Rxa3 h5 26.Qe3 Bd4 27.Qf4+ Be5 28.Qe3 Bd4 29.Qf4+ Be5
30.Qe3  1/2-1/2

[Event "Czech Christmas"]
[Site "Litomysl CZE"]
[Date "2004.12.31"]
[Round "7"]
[White "Jedlicka,A"]
[Black "Vales,V"]
[Result "1-0"]
[WhiteElo "2266"]
[BlackElo "2194"]

1.d4 d5 2.Nf3 Nf6 3.c4 c6 4.Nc3 e6 5.e3 Nbd7 6.Bd3 Bd6 7.e4 dxc4 8.Bxc4 e5
9.dxe5 Nxe5 10.Nxe5 Bxe5 11.Qxd8+ Kxd8 12.Bxf7 Bxc3+ 13.bxc3 Nxe4 14.O-O b6
15.Re1 Rf8 16.Bb3 Re8 17.f3 Nf6 18.Rd1+ Ke7 19.Bf4 Be6 20.Rd6 Bxb3 21.axb3 c5
22.g4 Red8 23.Rxd8 Kxd8 24.g5 Ng8 25.Be5 g6 26.Kf2 Kd7 27.h4 Ne7 28.h5 Ke6
29.f4 Kf5 30.Kf3 Nc6 31.Bf6 h6 32.hxg6 hxg5 33.Bxg5 Rg8 34.Rd1 Rxg6 35.Rd5+ Ke6
36.Ke4 Rg8 37.f5+ Kf7 38.Kf4 Nb8 39.Rd1 Rh8 40.Re1 Nc6 41.Re6 Rc8 42.Rh6 Kg7
43.f6+ Kg8 44.Kf5 Nd8 45.Rg6+ Kf8 46.Bh6+ Ke8 47.Rg8+ Kd7 48.Rg7+ Kd6 49.Bf4+ Kc6
50.Rxa7 Nb7 51.f7  1-0

[Event "Czech Christmas"]
[Site "Litomysl CZE"]
[Date "2004.12.31"]
[Round "7"]
[White "Kantorik,M"]
[Black "Cernousek,L"]
[Result "0-1"]
[WhiteElo "2324"]
[BlackElo "2343"]

1.d4 d5 2.c4 c6 3.Nf3 Nf6 4.e3 e6 5.Nc3 Nbd7 6.Bd3 dxc4 7.Bxc4 b5 8.Bd3 Bb7
9.e4 b4 10.Na4 c5 11.e5 Nd5 12.dxc5 Nxc5 13.Nxc5 Bxc5 14.Bb5+ Kf8 15.O-O h6
16.Qe2 Ke7 17.Ba6 Bxa6 18.Qxa6 Qb6 19.Qd3 Rad8 20.Qe4 Qb5 21.Bd2 a5 22.Rac1 Nb6
23.Rc2 Rd5 24.Qg4 Qd3 25.Rfc1 Rc8 26.Qg3 Nd7 27.Kh1 Nxe5 28.Qh4+ g5 29.Qh3 Nxf3
30.gxf3 Rf5 31.Kg2 g4 32.Qh4+ f6 33.f4 Qf3+ 34.Kg1 g3 35.Qxg3 Rg8 36.Be3 Rxg3+
37.hxg3 Rh5  0-1

[Event "GM"]
[Site "Augsburg GER"]
[Date "2005.01.02"]
[Round "7"]
[White "Atalik,S"]
[Black "Wolfsteiner,H"]
[Result "1/2-1/2"]
[WhiteElo "2541"]
[BlackElo "2352"]

1.d4 d5 2.c4 c6 3.Nc3 Nf6 4.e3 e6 5.Nf3 Nbd7 6.Be2 Bd6 7.a4 O-O 8.O-O dxc4
9.Nd2 e5 10.Nxc4 Bc7 11.a5 Qe7 12.Qc2 Re8 13.Rd1 exd4 14.exd4 Nd5 15.Nxd5 cxd5
16.Ne3 Nf6 17.Bf3 Bg4 18.Bxg4 Nxg4 19.g3 Nxe3 20.Bxe3 Qd7 21.Rdc1 Rac8 22.Qb3 Bb8
23.Rc3 h5 24.Rac1 Rxc3 25.Rxc3 h4 26.Rc5 Qg4 27.Qxd5 Bf4 28.Qf5 Qxf5 29.Rxf5 Bxe3
30.fxe3 hxg3 31.Rb5 gxh2+ 32.Kxh2 b6 33.axb6 axb6 34.Rb3 Re6 35.Kg3 Kf8 36.Kf4 Ke7
37.e4 Rh6 38.d5 Rh4+ 39.Ke5 f6+ 40.Kd4 f5 41.Ke5 fxe4 42.Rxb6 e3 43.d6+ Kd7
44.Rb7+ Kd8 45.Kd5 Re4 46.b3 e2 47.Kc6 Ke8 48.d7+ Ke7 49.Rb8 e1=Q 50.d8=Q+ Kf7
51.Rb7+ Re7 52.Qd5+ Qe6+ 53.Qxe6+ Kxe6 54.Rxe7+ Kxe7 55.b4 g5 56.b5 g4 57.b6 g3
58.b7 g2 59.b8=Q g1=Q 60.Qd6+  1/2-1/2

[Event "Michael Franett Mem"]
[Site "San Francisco USA"]
[Date "2005.01.03"]
[Round "2"]
[White "De Guzman,R"]
[Black "Bhat,V"]
[Result "1/2-1/2"]
[WhiteElo "2407"]
[BlackElo "2410"]

1.d4 d5 2.c4 e6 3.Nf3 c6 4.e3 Nf6 5.Nc3 Nbd7 6.Bd3 dxc4 7.Bxc4 b5 8.Be2 Bb7
9.e4 b4 10.e5 bxc3 11.exf6 cxb2 12.fxg7 bxa1=Q 13.gxh8=Q Qa5+ 14.Nd2 Qf5
15.O-O O-O-O 16.Qb3 Nc5 17.Qb4 Nd7 18.Qb3 Nc5 19.Qb4 Be7 20.Qg7 Bf8 21.Qh8 Be7  1/2-1/2

[Event "1st GM"]
[Site "Mataro ESP"]
[Date "2005.01.04"]
[Round "8"]
[White "Moskalenko,V"]
[Black "Tissir,M"]
[Result "1/2-1/2"]
[WhiteElo "2551"]
[BlackElo "2394"]

1.d4 d5 2.c4 c6 3.Nf3 e6 4.Nc3 Nf6 5.e3 Nbd7 6.Bd3 dxc4 7.Bxc4 b5 8.Bd3 Bd6
9.Qc2 Bb7 10.Bd2 O-O 11.e4 e5 12.dxe5 Nxe5 13.Nxe5 Bxe5 14.f4 Bd4 15.e5 Ng4
16.O-O-O Qh4 17.Be1 Qh6 18.Bxh7+ Qxh7 19.Qxh7+ Kxh7 20.Rxd4 c5 21.Rd7 Bc6
22.Rd6 Rac8 23.Nd5 Bxd5 24.Rxd5 Rfd8 25.Rxd8 Rxd8 26.Bg3 Ne3 27.Rg1  1/2-1/2

[Event "Lidums Australian Open"]
[Site "Mount Buller AUS"]
[Date "2005.01.04"]
[Round "7"]
[White "Rej,T"]
[Black "Humphrey,J"]
[Result "0-1"]
[WhiteElo "2248"]
[BlackElo "2152"]

1.d4 d5 2.c4 e6 3.Nc3 c6 4.e3 Nf6 5.Nf3 Nbd7 6.Bd3 dxc4 7.Bxc4 b5 8.Bd3 Bb7
9.O-O a6 10.e4 c5 11.d5 Qc7 12.dxe6 fxe6 13.b3 Rd8 14.Qe2 Bd6 15.Ng5 Bxh2+
16.Kh1 Be5 17.Nxe6 Qb6 18.Nxg7+ Kf7 19.Bb2 Kxg7 20.f4 Bd4 21.e5 Ne4 22.Qg4+ Qg6
23.Qh3 Ng3+ 24.Kh2 Nxf1+ 25.Rxf1 Qh6 26.Qxh6+ Kxh6 27.Re1 Rhf8 28.Kh3 Kg7
29.Kg4 Bxg2 30.Kg3 Bc6 31.Re2 Nxe5 32.Bb1 Ng6 33.Re6 Rf6  0-1

[Event "XI Open A"]
[Site "Bosnjaci CRO"]
[Date "2005.01.06"]
[Round "5"]
[White "Blagojevic,D"]
[Black "Rogic,D"]
[Result "1/2-1/2"]
[WhiteElo "2527"]
[BlackElo "2482"]

1.d4 d5 2.c4 c6 3.e3 Nf6 4.Nc3 e6 5.Nf3 Nbd7 6.Bd3 dxc4 7.Bxc4 b5 8.Be2 Bb7
9.O-O Be7 10.a3 a5 11.Qb3 Qb8 12.e4 b4 13.e5 bxc3 14.exf6 Bxf6 15.bxc3 O-O
16.Rb1 Ba6 17.Bxa6 Rxa6 18.Qb7 Ra7 19.Qxb8 Rxb8 20.Bf4 Rbb7 21.Bd6 h6 22.h3 Bd8
23.a4 Bc7 24.Ba3 f6 25.Rfe1 Kf7 26.Kf1 Rb6 27.Rxb6 Nxb6 28.Bc5 Rb7 29.Rb1 Rb8
30.Bxb6 Rxb6 31.Rxb6 Bxb6 32.Ke2 Ke7 33.Kd3 Kd6 34.Nd2 Kd7 35.Kc4 Kd6 36.Ne4+ Kd7
37.Ng3 Ke7 38.Nh5 Kf7 39.Ng3 Ke7 40.Kd3 Bc7 41.Ne4 Bb6 42.Nd2 Kd7 43.Ke4 Bc7
44.g4 Ke7 45.f4  1/2-1/2

[Event "XI Open A"]
[Site "Bosnjaci CRO"]
[Date "2005.01.08"]
[Round "8"]
[White "Polajzer,D"]
[Black "Pucovski,M"]
[Result "1/2-1/2"]
[WhiteElo "2382"]
[BlackElo "2321"]

1.Nf3 d5 2.d4 e6 3.c4 c6 4.e3 Nf6 5.Nc3 Nbd7 6.Qc2 Bd6 7.Bd3 O-O 8.O-O dxc4
9.Bxc4 e5 10.Bb3 Qe7 11.h3 Re8 12.Bd2 Bb8 13.Ng5 Rf8 14.f4 exd4 15.exd4 Qd6
16.Be3 h6 17.Nf3 Nb6 18.d5 cxd5 19.Rad1 a6 20.Qf2 Nbd7 21.Nxd5 Nxd5 22.Rxd5 Qe7
23.Rfd1 Nf6 24.Bc5 Qe8 25.Qd4 Nxd5 26.Bxd5 Qb5 27.Kh1 Re8 28.a4 Qd7 29.Ne5 Bxe5
30.fxe5 Qf5 31.Be4 Qe6 32.Bd6 Bd7 33.Bxb7 Qb3 34.Bxa8 Rxa8 35.a5 Bb5 36.Bb4 Qg3
37.Re1 Bc6 38.Qg4 Bxg2+ 39.Kg1 Qxg4 40.hxg4 Bf3 41.g5 hxg5 42.e6 f5 43.Kf2 Be4
44.Rd1 Bc6 45.Rd6 Bb5 46.Rd5 Re8 47.Rxf5  1/2-1/2

[Event "ch-FENACH"]
[Site "Santiago CHI"]
[Date "2005.01.09"]
[Round "11"]
[White "Vera Soto,S"]
[Black "Vasquez,R"]
[Result "0-1"]
[WhiteElo "2171"]
[BlackElo "2561"]

1.Nf3 d5 2.d4 Nf6 3.c4 c6 4.Nc3 e6 5.e3 Nbd7 6.Qc2 b6 7.e4 dxe4 8.Nxe4 Bb7
9.Bf4 Nxe4 10.Qxe4 Bb4+ 11.Bd2 Bxd2+ 12.Nxd2 Qc7 13.O-O-O c5 14.Qh4 cxd4
15.Qxd4 O-O 16.Nf3 Rfd8 17.Be2 Rac8 18.Kb1 Bxf3 19.Bxf3 Nf8 20.Qe3 Qxc4 21.Rxd8 Qc2+
22.Ka1 Rxd8 23.Rc1 Qd2 24.Qxd2 Rxd2 25.Rc7 Rd7 26.Rc8 g5 27.Kb1 Kg7 28.Kc2 Ng6
29.Bc6 Rd6 30.Rc7 Ne5 31.Bb5 a5 32.h3 h5 33.a3 h4 34.b4 axb4 35.axb4 Kg6
36.Be8 Rd8 37.Bb5 f5 38.Rb7 Rd6 39.Kb3 Kf6 40.Ka4 g4 41.Be8 gxh3 42.gxh3 Nd3
43.Rh7 Rd4  0-1

[Event "Keres Mem Rapid"]
[Site "Tallinn EST"]
[Date "2005.01.09"]
[Round "5"]
[White "Dobrov,V"]
[Black "Shirov,A"]
[Result "0-1"]
[WhiteElo "2487"]
[BlackElo "2726"]

1.d4 d5 2.c4 c6 3.Nc3 Nf6 4.Nf3 e6 5.e3 Nbd7 6.Qc2 Bd6 7.g4 dxc4 8.Bxc4 e5
9.g5 Nd5 10.Ne4 Bc7 11.Bd2 exd4 12.Nxd4 Ne5 13.Be2 O-O 14.O-O-O Ba5 15.Rdg1 Bxd2+
16.Qxd2 Qe7 17.Ng3 Rd8 18.Kb1 c5 19.Ndf5 Bxf5+ 20.Nxf5 Qe6  0-1

[Event "TCh-SWE Elitserien 2004-5"]
[Site "Sweden SWE"]
[Date "2005.01.15"]
[Round "6"]
[White "Persson,H"]
[Black "Eklund,LG"]
[Result "0-1"]
[WhiteElo "2215"]
[BlackElo "2275"]

1.c4 c6 2.Nc3 d5 3.e3 e6 4.Nf3 Nf6 5.d4 Nbd7 6.Bd3 Bd6 7.O-O O-O 8.b3 Qe7
9.Re1 dxc4 10.Bxc4 b5 11.Bf1 Bb7 12.Bb2 Rfd8 13.g3 a6 14.Bg2 c5 15.dxc5 Nxc5
16.Qe2 Rac8 17.Rac1 e5 18.b4 Ncd7 19.a3 Nb6 20.Rc2 Nc4 21.Bc1 Bb8 22.Nd2 Bxg2
23.Kxg2 Qe6 24.Nxc4 Rxc4 25.Bb2 Rdc8 26.Rcc1 e4 27.Qd2 Ng4 28.Red1 h6 29.Ne2 Ne5
30.Bxe5 Bxe5 31.Qe1 Kh7 32.Nf4 Bxf4 33.gxf4 Qg4+ 34.Kh1 Qf3+ 35.Kg1 R8c6  0-1

[Event "TCh-SWE Elitserien 2004-5"]
[Site "Sweden SWE"]
[Date "2005.01.15"]
[Round "6"]
[White "Dzevlan,M"]
[Black "Lundvik,J"]
[Result "0-1"]
[WhiteElo "2382"]
[BlackElo "2248"]

1.d4 d5 2.c4 c6 3.Nc3 Nf6 4.e3 e6 5.Nf3 Nbd7 6.Qc2 Bd6 7.Be2 O-O 8.b3 e5
9.cxd5 Nxd5 10.Nxd5 cxd5 11.dxe5 Nxe5 12.O-O Nxf3+ 13.Bxf3 Qh4 14.g3 Qf6
15.Bxd5 Bf5 16.e4 Bh3 17.e5 Bxe5 18.Rb1 Rac8 19.Qd3 Bxf1 20.Kxf1 Rfd8 21.Be3 Rc3  0-1

[Event "Corus C"]
[Site "Wijk aan Zee NED"]
[Date "2005.01.20"]
[Round "5"]
[White "Zhukova,N"]
[Black "Wempe,Jo"]
[Result "1-0"]
[WhiteElo "2465"]
[BlackElo "2265"]

1.d4 d5 2.c4 e6 3.Nc3 Nf6 4.Nf3 c6 5.e3 Nbd7 6.Bd3 dxc4 7.Bxc4 b5 8.Bd3 a6
9.e4 c5 10.d5 c4 11.Bc2 Qc7 12.O-O Bb7 13.Qe2 Bd6 14.Bg5 O-O 15.Bxf6 gxf6
16.Rad1 Rad8 17.Nd4 Nc5 18.Qg4+ Kh8 19.Qh4 Be7 20.Qh6 Rg8 21.g3 Rg7 22.Nce2 f5
23.dxe6 Bg5 24.Qh5 fxe4 25.Nf5 Rxd1 26.Rxd1 Rg6 27.exf7 Qxf7 28.Nd6 Qf3 29.Qxf3 exf3
30.Bxg6 fxe2 31.Re1 hxg6 32.Nf7+ Kg7 33.Nxg5 Kf6 34.f4 Nd3 35.Rxe2 Nc1 36.Re6+ Kf5
37.Rb6 Bc8 38.Rc6 Bb7 39.Rc7  1-0

[Event "Copa Veran"]
[Site "Posadas ARG"]
[Date "2005.01.21"]
[Round "4"]
[White "Alvarez,Mig ARG"]
[Black "Carlino,E"]
[Result "0-1"]
[WhiteElo "2132"]
[BlackElo "1960"]

1.d4 d5 2.c4 c6 3.Nc3 e6 4.e3 Nf6 5.Nf3 Nbd7 6.Qc2 Bd6 7.b3 a6 8.Bd3 e5 9.dxe5 Nxe5
10.Nxe5 Bxe5 11.Bb2 dxc4 12.Bxc4 O-O 13.Bd3 Re8 14.O-O-O Qe7 15.h3 b5 16.g4 g6
17.Rd2 Nd5 18.Rhd1 Nb4 19.Qb1 Qc5 20.Qa1 Nxd3+ 21.Rxd3 b4 22.Rd5 cxd5 23.Rxd5 bxc3  0-1

[Event "Corus C"]
[Site "Wijk aan Zee NED"]
[Date "2005.01.23"]
[Round "8"]
[White "Zhukova,N"]
[Black "Georgiev,Vl"]
[Result "1/2-1/2"]
[WhiteElo "2465"]
[BlackElo "2517"]

1.d4 d5 2.c4 c6 3.Nf3 Nf6 4.Nc3 e6 5.e3 a6 6.c5 Nbd7 7.b4 g6 8.Bd3 Bg7 9.O-O O-O
10.e4 dxe4 11.Nxe4 Nxe4 12.Bxe4 a5 13.Bg5 Bf6  1/2-1/2